000
00287nam a22001337a 4500
020
_a
9788172335151
041
_a
ENG
100
_a
Das.N.R
245
_a
Tillage And Crop Production
260
_a
Jodhpur
_b
Scientific Pub
_c
2008
300
_a
292
650
_a
FMP
856
_u
FMP ( 04 )
999
_c
1422
_d
1422